|
|
|
|
| LEADER |
00000nam0a2200000 4500 |
| 001 |
152098 |
| 005 |
20231031150919.0 |
| 035 |
|
|
|a (RuTPU)RU\TPU\book\164923
|
| 090 |
|
|
|a 152098
|
| 100 |
|
|
|a 20090129d1935 m y0rusy50 ca
|
| 101 |
0 |
|
|a rus
|
| 102 |
|
|
|a RU
|
| 105 |
|
|
|a a j 001zy
|
| 200 |
1 |
|
|a Учебник органической химии для студентов медиков
|f А. С. Гинзберг
|
| 205 |
|
|
|a 2-е изд., перераб.
|
| 210 |
|
|
|a Ленинград
|c ОГИЗ
|d 1935
|a Москва
|
| 215 |
|
|
|a 536 с.
|c ил.
|
| 320 |
|
|
|a Предметный указатель: с. 543-563.
|
| 610 |
1 |
|
|a химия
|
| 610 |
1 |
|
|a органическая химия
|
| 610 |
1 |
|
|a углеродистые соединения
|
| 610 |
1 |
|
|a углеводороды
|
| 610 |
1 |
|
|a кислородные соединения
|
| 610 |
1 |
|
|a спирты
|
| 610 |
1 |
|
|a эфиры
|
| 610 |
1 |
|
|a альдегиды
|
| 610 |
1 |
|
|a сернистые соединения
|
| 610 |
1 |
|
|a азотные соединения
|
| 610 |
1 |
|
|a циклические соединения
|
| 610 |
1 |
|
|a бензол
|
| 610 |
1 |
|
|a гетероциклические соединения
|
| 610 |
1 |
|
|a алкалоиды
|
| 610 |
1 |
|
|a гликозиды
|
| 610 |
1 |
|
|a белковые вещества
|
| 610 |
1 |
|
|a учебники
|
| 675 |
|
|
|a 547(075.8)
|v 3
|
| 700 |
|
1 |
|a Гинзберг
|b А. С.
|
| 801 |
|
1 |
|a RU
|b 63413507
|c 20090129
|g PSBO
|
| 801 |
|
2 |
|a RU
|b 63413507
|c 20161129
|g PSBO
|
| 942 |
|
|
|c BK
|